[Event "Chigorin Memorial"]
[Site "St Petersburg RUS"]
[Date "2012.10.27"]
[Round "1.153"]
[White "Melnikov, Dmitry"]
[Black "Melnikov, Nikolay"]
[Result "1/2-1/2"]
[WhiteTitle "FM"]
[WhiteElo "2292"]
[BlackElo "1752"]
[WhiteFideId "4146468"]
[BlackFideId "4191170"]
[EventDate "2012.10.27"]

1. e4 e5 2. Nf3 Nc6 3. Bb5 a6 4. Ba4 f5 5. exf5 e4 6. Qe2 Qe7 7. Bxc6 dxc6 8.
Nd4 Qe5 9. Nf3 Qe7 10. Nd4 Qe5 11. Nf3 Qe7 12. Nd4 Qe5 13. Nf3 1/2-1/2

[Event "Chigorin Memorial"]
[Site "St Petersburg RUS"]
[Date "2012.10.27"]
[Round "1.154"]
[White "Petrushev., Nikita"]
[Black "Nikolova, Adriana"]
[Result "0-1"]
[BlackTitle "WGM"]
[WhiteElo "1738"]
[BlackElo "2290"]
[WhiteFideId "34117803"]
[BlackFideId "2908689"]
[EventDate "2012.10.27"]

1. d4 d5 2. Nf3 Nf6 3. e3 c5 4. b3 Nc6 5. Bb2 cxd4 6. exd4 Bf5 7. a3 e6 8. Nbd2
Bd6 9. Ne5 O-O 10. f4 Ne4 11. g3 Rc8 12. Rc1 Nxd2 13. Qxd2 Be4 14. Bg2 Bxg2 15.
Qxg2 Bxa3 16. Bxa3 Qa5+ 17. Qd2 Qxa3 18. Nxc6 Rxc6 19. O-O Qb2 20. f5 e5 21.
dxe5 Qxe5 22. Rce1 Qb2 23. Rf2 b6 24. Ree2 Rd6 25. Qf4 Qf6 26. g4 h6 27. h4 g5
28. hxg5 hxg5 29. Qg3 Qa1+ 30. Rf1 Qd4+ 31. Kg2 Rh6 32. c3 Qf6 33. Qe5 Kg7 34.
Qxf6+ Kxf6 35. Rd2 Rh4 36. Rd4 Rfh8 37. Rf2 Rh2+ 38. Kf1 Rh1+ 39. Ke2 Re8+ 40.
Kd3 Rd1+ 41. Rd2 Rxd2+ 42. Kxd2 Re4 43. Rxd5 Rxg4 44. Rd7 Rf4 45. Rxa7 g4 46.
Rb7 g3 47. Rxb6+ Kxf5 48. Rb7 Kg6 49. Rb6+ Kg7 50. Ke3 Rf5 51. Rb4 Rg5 52. Kf4
Rg6 0-1

[Event "Chigorin Memorial"]
[Site "St Petersburg RUS"]
[Date "2012.10.27"]
[Round "1.155"]
[White "Mikheev, Stanislav"]
[Black "Kholova, Elena"]
[Result "1-0"]
[WhiteTitle "IM"]
[WhiteElo "2286"]
[BlackElo "1736"]
[WhiteFideId "4135920"]
[BlackFideId "4146093"]
[EventDate "2012.10.27"]

1. d4 d5 2. c4 e6 3. Nf3 c6 4. g3 Bb4+ 5. Bd2 Bd6 6. Bg2 Nf6 7. O-O O-O 8. Qc2
Nbd7 9. Nc3 dxc4 10. Rad1 Qc7 11. Bc1 e5 12. dxe5 Nxe5 13. Nxe5 Bxe5 14. f4 Qb6+
15. Kh1 Bxc3 16. Qxc3 Ng4 17. e3 Rd8 18. Rxd8+ Qxd8 19. h3 Nf6 20. e4 Qd3 21.
Qxd3 cxd3 22. Rd1 Be6 23. b3 Rd8 24. e5 Ne8 25. Kh2 f6 26. Be4 fxe5 27. fxe5 Nc7
28. Rxd3 Rxd3 29. Bxd3 Nd5 30. Bd2 Kf7 31. g4 h6 32. Kg3 c5 33. h4 Nb4 34. Bxb4
cxb4 35. Kf4 a5 36. Bf5 b5 37. Bxe6+ Kxe6 38. Ke4 a4 39. h5 a3 40. Kd4 1-0

[Event "Chigorin Memorial"]
[Site "St Petersburg RUS"]
[Date "2012.10.27"]
[Round "1.156"]
[White "Klimshin, Ilia"]
[Black "Mirzoeva, Elmira"]
[Result "0-1"]
[BlackTitle "WGM"]
[WhiteElo "1734"]
[BlackElo "2283"]
[WhiteFideId "34109436"]
[BlackFideId "4127951"]
[EventDate "2012.10.27"]

1. e4 c6 2. d4 d5 3. exd5 cxd5 4. Nc3 Nf6 5. Nf3 Nc6 6. Bf4 Bg4 7. Be2 e6 8. Ne5
Bxe2 9. Nxe2 Qb6 10. O-O Be7 11. Nxc6 bxc6 12. Qc1 c5 13. c3 O-O 14. h3 Rac8 15.
Bg5 Qa6 16. Qd1 h6 17. Bh4 Rb8 18. b3 Rbc8 19. Re1 cxd4 20. Qxd4 Bc5 21. Qe5 Ne4
22. c4 f6 23. Qb2 g5 24. Bg3 f5 25. cxd5 exd5 26. Be5 Bxf2+ 27. Kh1 Bxe1 28.
Rxe1 Nf2+ 29. Kg1 Nd3 0-1

[Event "Chigorin Memorial"]
[Site "St Petersburg RUS"]
[Date "2012.10.27"]
[Round "1.157"]
[White "Faizrakhmanov, Ramil"]
[Black "Toporkova, Sofia"]
[Result "1-0"]
[WhiteElo "2283"]
[BlackElo "1732"]
[WhiteFideId "24103209"]
[BlackFideId "4169930"]
[EventDate "2012.10.27"]

1. d4 d5 2. c4 dxc4 3. Nf3 a6 4. e3 Bg4 5. Bxc4 e6 6. O-O Nf6 7. h3 Bh5 8. Qe2
Nc6 9. Rd1 b5 10. Bb3 Be7 11. Nc3 Qc8 12. e4 Na5 13. Bc2 O-O 14. Bf4 Re8 15. g4
Bg6 16. Ne5 c5 17. Nxg6 hxg6 18. e5 Nd7 19. d5 exd5 20. e6 Nb6 21. exf7+ Kxf7
22. Nxd5 Nxd5 23. Rxd5 Bg5 24. Qd3 Bxf4 25. Qxg6+ Kf8 26. Rf5+ Qxf5 27. Qxf5+
Kg8 28. Rd1 Be5 29. Rd7 1-0

[Event "Chigorin Memorial"]
[Site "St Petersburg RUS"]
[Date "2012.10.27"]
[Round "1.158"]
[White "Petrochenko, Maria"]
[Black "Turikov, Viktor"]
[Result "0-1"]
[BlackTitle "FM"]
[WhiteElo "1716"]
[BlackElo "2270"]
[WhiteFideId "24161420"]
[BlackFideId "4107810"]
[EventDate "2012.10.27"]

1. b4 e6 2. Bb2 Nf6 3. b5 b6 4. e3 Bb7 5. Nf3 d5 6. Be2 Bd6 7. O-O O-O 8. c4
Nbd7 9. d4 Qe7 10. Ne5 Rfd8 11. Nd2 a6 12. a4 dxc4 13. Bxc4 axb5 14. axb5 Rxa1
15. Bxa1 Ra8 16. Ndf3 Bxe5 17. Nxe5 Nxe5 18. dxe5 Ne4 19. Qc2 Nc5 20. Bd4 h6 21.
Ra1 Rxa1+ 22. Bxa1 Qg5 23. g3 Qg4 24. Be2 Bf3 25. Bxf3 Qxf3 26. Bd4 Ne4 27. Bb2
g5 28. h3 h5 29. Bd4 Kg7 30. Bb2 Qf5 31. Kg2 g4 32. h4 Nxg3 33. Qxf5 Nxf5 34.
Ba3 Kg6 35. Kf1 f6 36. exf6 Kxf6 37. Bb2+ Ke7 38. Be5 Kd7 39. Bf6 Nd6 40. Kg2
Nxb5 41. f3 gxf3+ 42. Kxf3 Nd6 43. Kf4 Nf7 44. Ke4 c5 45. Kd3 Kc6 46. Kc3 Kd5 0-1

[Event "Chigorin Memorial"]
[Site "St Petersburg RUS"]
[Date "2012.10.27"]
[Round "1.159"]
[White "Sukhareva, Evgeniya"]
[Black "Bubnov, Kirill"]
[Result "1-0"]
[WhiteElo "2268"]
[BlackElo "1713"]
[WhiteFideId "4167155"]
[BlackFideId "24175277"]
[EventDate "2012.10.27"]

1. d4 Nf6 2. c4 g6 3. Nf3 Bg7 4. g3 O-O 5. Bg2 d6 6. O-O Nbd7 7. Nc3 c5 8. d5
Nb6 9. Nd2 Rb8 10. Rb1 Ng4 11. Qc2 Ne5 12. b3 e6 13. h3 exd5 14. cxd5 Bf5 15. e4
Bc8 16. f4 Ned7 17. Nb5 Nf6 18. Bb2 a6 19. Nxd6 Qxd6 20. Be5 Qe7 21. Bxb8 Bxh3
22. Bxh3 Rxb8 23. Qd3 Rd8 24. Bg2 Ng4 25. e5 Nxd5 26. Bxd5 Qd7 27. Bxf7+ Kxf7
28. Qxd7+ Rxd7 29. Ne4 b6 30. Rfd1 Re7 31. Rd8 h6 32. Rbd1 Ne3 33. R1d6 Rb7 34.
R8d7+ Rxd7 35. Rxd7+ Kf8 36. Rd6 1-0

[Event "Chigorin Memorial"]
[Site "St Petersburg RUS"]
[Date "2012.10.27"]
[Round "1.160"]
[White "Levdansky, Alexey"]
[Black "Solovyov, Viktor"]
[Result "0-1"]
[WhiteElo "1700"]
[BlackElo "2265"]
[WhiteFideId "34107581"]
[BlackFideId "4102754"]
[EventDate "2012.10.27"]

1. c4 Nf6 2. Nc3 e6 3. Nf3 d5 4. cxd5 exd5 5. d4 c6 6. g3 Bf5 7. Bg2 Nbd7 8. O-O
Be7 9. Nd2 O-O 10. e4 dxe4 11. Ndxe4 Nxe4 12. Nxe4 Bxe4 13. Bxe4 Nf6 14. Bg2 Qd7
15. Qa4 Rfd8 16. Be3 Nd5 17. Bxd5 Qxd5 18. Rad1 Bf6 19. b3 Rd7 20. Rd2 a6 21.
Qc4 Qh5 22. Rfd1 Rad8 23. Qc5 Rd5 24. Qc4 h6 25. Qe2 Qh3 26. Qf1 Qc8 27. Qg2
R8d7 28. Qe4 Qd8 29. Kg2 R7d6 30. Qg4 h5 31. Qf4 g6 32. h4 Re6 33. Qf3 Red6 34.
Qf4 Rf5 35. Qe4 Re6 36. Qc2 Qd5+ 37. Kg1 Qd7 38. Qc4 Rd5 39. Kg2 Red6 40. Kh2
Qd8 41. Kg2 c5 42. Bf4 Rd7 43. Rd3 Rxd4 44. Rxd4 Rxd4 45. Rxd4 Bxd4 46. Bg5 Qd7
47. Qd3 Qd5+ 48. Qf3 Qxf3+ 49. Kxf3 f6 50. Bf4 Kf7 51. Ke2 Ke6 52. f3 Kd5 53.
Kd3 Be5 54. Bxe5 Kxe5 55. Ke3 f5 56. f4+ Kd5 57. Kd3 b5 58. a3 c4+ 59. bxc4+
bxc4+ 60. Kc3 Kc5 61. a4 a5 62. Kd2 Kb4 63. Kc2 Kxa4 64. Kc3 Kb5 65. Kb2 Kb4 0-1

[Event "Chigorin Memorial"]
[Site "St Petersburg RUS"]
[Date "2012.10.27"]
[Round "1.161"]
[White "Fomichenko, Svetlana"]
[Black "Uyanik, Mehmet"]
[Result "1-0"]
[WhiteTitle "WGM"]
[WhiteElo "2256"]
[BlackElo "1687"]
[WhiteFideId "14101807"]
[BlackFideId "6363164"]
[EventDate "2012.10.27"]

1. e4 c5 2. Nf3 e6 3. d4 cxd4 4. Nxd4 Nf6 5. Bd3 Nc6 6. c3 a6 7. O-O Bc5 8. Nxc6
bxc6 9. e5 Nd5 10. Qg4 Bf8 11. Nd2 f5 12. Qg3 Nb6 13. Nf3 Rg8 14. Bg5 Be7 15.
Qh4 Bxg5 16. Nxg5 Rh8 17. c4 Qe7 18. f4 Bb7 19. Qf2 c5 20. Be2 h6 21. Bh5+ Kf8
22. Nf7 Rg8 23. Nd6 Bc6 24. Bf7 Rh8 25. Bg6 Na4 26. Rac1 h5 27. Nf7 Rg8 28. b3
Nb6 29. Nd6 Nc8 30. Nxc8 Rxc8 31. Bxh5 g5 32. Bf3 gxf4 33. Bxc6 Rxc6 34. Qxf4
Qg7 35. g3 Ke7 36. Rcd1 Qh7 37. Qd4 Ke8 38. Rf4 Qg7 39. Qe3 Rh8 40. Rf2 Rh4 41.
Rf4 Rh6 42. Rd2 a5 43. Kh1 Qg5 44. Rf3 Qh5 45. Rdf2 Rc8 46. g4 Qg6 47. gxf5 Qh7
48. fxe6 dxe6 49. Rf8+ Kd7 50. R2f7+ 1-0

[Event "Chigorin Memorial"]
[Site "St Petersburg RUS"]
[Date "2012.10.27"]
[Round "1.162"]
[White "Bezobrazov, Lev"]
[Black "Naboka, Sergey"]
[Result "0-1"]
[WhiteElo "1673"]
[BlackElo "2256"]
[WhiteFideId "4152409"]
[BlackFideId "14123452"]
[EventDate "2012.10.27"]

1. e4 c5 2. Nf3 Nc6 3. d4 cxd4 4. Nxd4 e5 5. Nb5 d6 6. N1c3 a6 7. Na3 b5 8. Nd5
Nf6 9. Bg5 Be7 10. Bxf6 Bxf6 11. c3 Bg5 12. g3 O-O 13. h4 Bh6 14. Bg2 Ne7 15.
Nc2 Nxd5 16. exd5 f5 17. f3 Bb7 18. a4 Qb6 19. a5 Qc5 20. Nb4 Be3 21. Rf1 Rae8
22. Ke2 f4 23. g4 Rc8 24. g5 Qc4+ 25. Qd3 Qc7 26. Bh3 Rce8 27. Bf5 Rxf5 28. Qxf5
e4 29. fxe4 Bc8 30. Qxf4 Bxf4 31. Rxf4 Qc4+ 32. Ke3 Bf5 33. Kf2 Rxe4 34. Rxf5
Qe2+ 0-1

[Event "Chigorin Memorial"]
[Site "St Petersburg RUS"]
[Date "2012.10.27"]
[Round "1.163"]
[White "Vorobjev, Dmitry"]
[Black "Elizarova, Taisia"]
[Result "1-0"]
[WhiteElo "2256"]
[BlackElo "1663"]
[WhiteFideId "24112178"]
[BlackFideId "24128350"]
[EventDate "2012.10.27"]

1. e4 e6 2. d4 d5 3. Nc3 Nf6 4. Bg5 dxe4 5. Nxe4 Nbd7 6. Nf3 Be7 7. Bxf6 Nxf6 8.
Nxf6+ Bxf6 9. Bd3 O-O 10. Qe2 Qd5 11. O-O Qh5 12. Rfe1 c5 13. c3 cxd4 14. cxd4
b6 15. Rac1 Bb7 16. Be4 Bxe4 17. Qxe4 Qa5 18. a3 Qa6 19. Rc7 Rfc8 20. Rec1 g6
21. Qf4 Kg7 22. Ng5 Rxc7 23. Rxc7 Qa5 24. Nxe6+ Kg8 25. Rc1 fxe6 26. Qxf6 Qf5
27. Qxf5 exf5 28. Kf1 Rd8 29. Rc7 a5 30. Rb7 Rxd4 31. Rxb6 a4 32. Ke2 f4 33. Rb4
Rd5 34. Rxa4 g5 35. b4 Kg7 36. Ra5 1-0

[Event "Chigorin Memorial"]
[Site "St Petersburg RUS"]
[Date "2012.10.27"]
[Round "1.164"]
[White "Zhivotovskaya, Asya"]
[Black "Ignatyev, Viktor"]
[Result "0-1"]
[WhiteElo "1660"]
[BlackElo "2254"]
[WhiteFideId "24166014"]
[BlackFideId "24182915"]
[EventDate "2012.10.27"]

1. e4 e5 2. Nf3 Nc6 3. Bb5 a6 4. Ba4 d6 5. O-O Bd7 6. c3 g6 7. d4 Bg7 8. Re1
Nge7 9. Nbd2 exd4 10. Bxc6 Nxc6 11. cxd4 Nxd4 12. Nxd4 Bxd4 13. Nf3 Bg7 14. e5
dxe5 15. Nxe5 Be6 16. Qa4+ b5 17. Qc2 O-O 18. Bf4 Qd4 19. Re4 Qb6 20. Be3 Qb7
21. Bc5 Bf5 22. Bxf8 Bxe4 23. Qb3 Rxf8 0-1

[Event "Chigorin Memorial"]
[Site "St Petersburg RUS"]
[Date "2012.10.27"]
[Round "1.166"]
[White "Gantsevich, Aleksey A."]
[Black "Toivonen, Alexander V."]
[Result "0-1"]
[BlackTitle "FM"]
[WhiteElo "1626"]
[BlackElo "2250"]
[WhiteFideId "24195863"]
[BlackFideId "4107918"]
[EventDate "2012.10.27"]

1. e4 e5 2. Nf3 Nf6 3. Nxe5 d6 4. Nf3 Nxe4 5. Nc3 Nxc3 6. dxc3 Be7 7. Be2 O-O 8.
O-O Nc6 9. Bf4 Bf5 10. Qd2 Re8 11. Nd4 Nxd4 12. cxd4 Bf6 13. c3 Qd7 14. Rfe1 h6
15. Bf3 c6 16. h3 d5 17. Rac1 Be4 18. Bg4 Qd8 19. f3 Bg6 20. Rxe8+ Qxe8 21. Re1
Qd8 22. h4 Bxh4 23. g3 Be7 24. Kg2 Bd6 25. Re2 Qc7 26. Bxd6 Qxd6 27. a3 Kf8 28.
Kf2 Re8 29. Rxe8+ Kxe8 30. Qe3+ Kf8 31. Qe5 Qxe5 32. dxe5 c5 33. f4 Bc2 34. Ke3
Ke7 35. f5 b6 36. e6 fxe6 37. fxe6 g5 38. Kd2 Bh7 39. Ke3 Bg8 40. Bf5 Bxe6 41.
Bxe6 Kxe6 42. Kd3 h5 43. Ke3 Ke5 0-1

[Event "Chigorin Memorial"]
[Site "St Petersburg RUS"]
[Date "2012.10.27"]
[Round "1.167"]
[White "Dolgova, Olga"]
[Black "Panov, Konstantin"]
[Result "1-0"]
[WhiteTitle "WIM"]
[WhiteElo "2250"]
[BlackElo "1607"]
[WhiteFideId "4158296"]
[BlackFideId "34115223"]
[EventDate "2012.10.27"]

1. d4 Nf6 2. c4 g6 3. Nc3 Bg7 4. e4 d6 5. Be2 O-O 6. Bg5 Nc6 7. Nf3 Bg4 8. O-O
Qc8 9. d5 Bxf3 10. Bxf3 Ne5 11. Be2 Re8 12. Rc1 c5 13. a3 a6 14. h3 Ned7 15. f4
e6 16. e5 dxe5 17. fxe5 Nh5 18. Bxh5 gxh5 19. Qxh5 Nxe5 20. Ne4 Qc7 21. Nf6+
Bxf6 22. Bxf6 Qd6 23. Bxe5 Qd7 24. Qg5+ Kf8 25. Bg7+ Kg8 26. Bf6+ Kf8 27. Qg7# 1-0

[Event "Chigorin Memorial"]
[Site "St Petersburg RUS"]
[Date "2012.10.27"]
[Round "1.171"]
[White "Skvortsov, Alexander"]
[Black "Biyachuev, Minkail"]
[Result "1-0"]
[WhiteElo "2110"]
[BlackElo "1574"]
[WhiteFideId "24170038"]
[BlackFideId "34120065"]
[EventDate "2012.10.27"]

1. e4 e5 2. Nf3 Nc6 3. Bb5 d6 4. d4 Bd7 5. d5 Nce7 6. Bxd7+ Qxd7 7. O-O Nf6 8.
Re1 g6 9. c4 Bg7 10. Nc3 O-O 11. Qc2 Nh5 12. Bd2 f5 13. Ng5 f4 14. f3 Bf6 15.
Ne6 Rf7 16. c5 Ng7 17. Qb3 c6 18. Rad1 cxd5 19. exd5 Nef5 20. Ne4 Kh8 21. Bb4
dxc5 22. N6xc5 Qb5 23. d6 Rff8 24. Nxf6 Rxf6 25. Ne4 Rff8 26. Rd5 Qb6+ 27. Bc5
Qxb3 28. axb3 b6 29. Bf2 Rad8 30. Red1 Ne3 31. Bxe3 fxe3 32. Rxe5 Nf5 33. Kf1
Rd7 34. Ke2 Rfd8 35. g4 Nxd6 36. Red5 Re7 37. Rxd6 Rde8 38. Rd8 Rxd8 39. Rxd8+
Kg7 40. Kxe3 Rf7 41. h4 Re7 42. f4 h6 43. f5 gxf5 44. gxf5 Kh7 45. h5 Rg7 46.
Nf6# 1-0

[Event "Chigorin Memorial"]
[Site "St Petersburg RUS"]
[Date "2012.10.28"]
[Round "2.1"]
[White "Iljiushenok, Ilia"]
[Black "Shirov, Alexei"]
[Result "1/2-1/2"]
[BlackTitle "GM"]
[WhiteElo "2427"]
[BlackElo "2718"]
[WhiteFideId "24105074"]
[BlackFideId "2209390"]
[EventDate "2012.10.27"]

1. e4 e6 2. d4 d5 3. e5 c5 4. c3 Nc6 5. Nf3 Bd7 6. Be2 Nge7 7. O-O Nf5 8. Bd3
cxd4 9. Bxf5 exf5 10. cxd4 Be7 11. Qb3 g5 12. Rd1 g4 13. Ne1 Qb6 14. Qxb6 axb6
15. Nc3 Be6 16. Be3 Nb4 17. a3 Na6 18. Nd3 Nc7 19. Ne2 Kd7 20. Rdc1 Rhc8 21. Kf1
Nb5 22. Rxc8 Rxc8 23. Ke1 h5 24. Rc1 Ra8 25. Kd2 h4 26. Ndf4 Nc7 27. Nd3 Ra4 28.
Nc3 Ra5 29. Ra1 b5 30. Ra2 Ra8 31. b4 Kc6 32. Rc2 Kb6 33. Nb1 Bd7 34. Kc3 Ne6
35. Kb3 Bc6 36. Nc3 Ng5 37. Bxg5 Bxg5 38. Ne2 Rg8 39. Nef4 g3 40. fxg3 hxg3 41.
hxg3 Bh6 42. Ne2 Be3 43. Rc3 Bd2 44. Rc2 Be3 45. Ra2 Bd7 46. Ra1 Be6 47. Rf1 Kc6
48. Rf3 Bg5 49. Ndf4 b6 50. Kc2 Rh8 51. Nh3 Be7 52. Nc3 Rg8 53. Nf4 Bg5 54. Nce2
Rh8 55. Rf1 Ra8 56. Kb2 Rg8 57. Rf2 Bh6 58. Rf3 Bg5 59. Rf2 1/2-1/2

[Event "Chigorin Memorial"]
[Site "St Petersburg RUS"]
[Date "2012.10.28"]
[Round "2.2"]
[White "Bodnaruk, Anastasia"]
[Black "Almasi, Zoltan"]
[Result "1-0"]
[WhiteTitle "IM"]
[BlackTitle "GM"]
[WhiteElo "2425"]
[BlackElo "2707"]
[WhiteFideId "4181751"]
[BlackFideId "702293"]
[EventDate "2012.10.27"]

1. e4 c5 2. Nf3 Nc6 3. d4 cxd4 4. Nxd4 Qb6 5. Nb3 Nf6 6. Nc3 e6 7. Bd3 Be7 8.
Be3 Qc7 9. f4 d6 10. Qf3 a6 11. a4 Nb4 12. O-O O-O 13. a5 Bd7 14. g4 Bc6 15. g5
Nd7 16. Qh5 g6 17. Qh6 Rfe8 18. Rf3 Bf8 19. Qh4 Bg7 20. Rh3 Nf8 21. f5 exf5 22.
exf5 Nxd3 23. cxd3 gxf5 24. Rf1 Qd7 25. d4 Be4 26. Nd2 Bc6 27. Nc4 Qe7 28. Nb6
Rad8 29. Rxf5 Qe6 30. Rf2 d5 31. Rhf3 Re7 32. Rg3 Rde8 33. Rf6 Qxe3+ 34. Rxe3
Rxe3 35. Nbxd5 Ng6 36. Qg4 Rd3 37. Kf1 Rd2 38. h4 Rd8 39. h5 Bxd5 40. Nxd5 Rxd5
41. hxg6 hxg6 42. Qc8+ Kh7 43. Rf3 Rxg5 44. Rh3+ Rh5 45. Rxh5+ gxh5 46. Qxb7
Rxd4 47. Qxa6 Rf4+ 48. Ke2 Bxb2 49. Qb5 Bf6 50. a6 Re4+ 51. Kf3 Re7 52. Qb6 1-0

[Event "Chigorin Memorial"]
[Site "St Petersburg RUS"]
[Date "2012.10.28"]
[Round "2.3"]
[White "Akopian, Vladimir"]
[Black "Aitbayev, Aslan"]
[Result "1/2-1/2"]
[WhiteTitle "GM"]
[WhiteElo "2703"]
[BlackElo "2416"]
[WhiteFideId "13300032"]
[BlackFideId "13704613"]
[EventDate "2012.10.27"]

1. d4 Nf6 2. c4 g6 3. g3 Bg7 4. Bg2 O-O 5. Nc3 d6 6. Nf3 Nbd7 7. O-O e5 8. h3
exd4 9. Nxd4 Re8 10. e4 Nc5 11. Re1 Bd7 12. Bf4 h6 13. Kh2 a5 14. Qc2 Nfxe4 15.
Nxe4 Bxd4 16. Qd2 Bg7 17. Nxc5 dxc5 18. Bxh6 Bxh6 19. Qxh6 Qf6 20. Qd2 Rxe1 21.
Rxe1 Be6 22. Re4 Rd8 23. Qe2 Rd4 24. b3 b6 25. Re5 Kg7 26. f4 Qd8 27. Qf2 Rd2
28. Re2 Rd1 29. Bf3 Qd4 30. Qxd4+ Rxd4 31. Bg4 Bxg4 32. hxg4 a4 33. g5 Rd3 34.
bxa4 Ra3 35. Kh3 Rxa4 36. Re7 Rxc4 37. Rxc7 b5 38. a3 Rc3 39. Rb7 Rb3 40. Rc7 c4
41. a4 bxa4 42. Rxc4 a3 43. Ra4 Kf8 44. Ra7 Ke8 45. Kh4 Rc3 1/2-1/2

[Event "Chigorin Memorial"]
[Site "St Petersburg RUS"]
[Date "2012.10.28"]
[Round "2.4"]
[White "Atabayev, Yusup"]
[Black "Vitiugov, Nikita"]
[Result "0-1"]
[WhiteTitle "FM"]
[BlackTitle "GM"]
[WhiteElo "2407"]
[BlackElo "2691"]
[WhiteFideId "14001128"]
[BlackFideId "4152956"]
[EventDate "2012.10.27"]

1. e4 c6 2. d4 d5 3. Nc3 dxe4 4. Nxe4 Bf5 5. Ng3 Bg6 6. Bc4 e6 7. N1e2 Nf6 8. h4
h6 9. Nf4 Bh7 10. c3 Nbd7 11. O-O Nb6 12. Bb3 Bd6 13. Nfh5 O-O 14. Nxf6+ Qxf6
15. Qg4 Be7 16. Nh5 Qg6 17. Qxg6 Bxg6 18. Nf4 Bh7 19. g3 a5 20. a4 Bf5 21. Ng2
Rfd8 22. Re1 Kf8 23. Ne3 Bd3 24. Bc2 Bxc2 25. Nxc2 Nc4 26. b3 Nb6 27. c4 c5 28.
Be3 cxd4 29. Bxd4 Nd7 30. Rad1 Nc5 31. Bxc5 Bxc5 32. Kf1 Ke7 33. Ke2 g5 34. hxg5
hxg5 35. Rxd8 Rxd8 36. Rh1 Bxf2 37. g4 Bg3 38. Rb1 Bf4 39. Ne1 Rd2+ 40. Kf3 Bd6
41. Ke3 Rh2 42. Nd3 b6 43. b4 axb4 44. Nxb4 Bc5+ 0-1

[Event "Chigorin Memorial"]
[Site "St Petersburg RUS"]
[Date "2012.10.28"]
[Round "2.6"]
[White "Zvjaginsev, Vadim"]
[Black "Svetlov, Dmitry"]
[Result "1/2-1/2"]
[WhiteTitle "GM"]
[BlackTitle "FM"]
[WhiteElo "2678"]
[BlackElo "2399"]
[WhiteFideId "4113403"]
[BlackFideId "24102610"]
[EventDate "2012.10.27"]

1. c4 Nf6 2. Nc3 c5 3. g3 e6 4. Nf3 b6 5. Bg2 Bb7 6. O-O Be7 7. b3 O-O 8. Bb2 d5
9. e3 Nc6 10. cxd5 Nxd5 11. Nxd5 Qxd5 12. Ne5 Qd6 13. d4 cxd4 14. exd4 Rad8 15.
Nc4 Qd7 16. Qg4 Bf6 17. Rfd1 Ne7 18. d5 exd5 19. Qxd7 Rxd7 20. Bxf6 gxf6 21. Ne3
Rfd8 22. Rd4 Rd6 23. Rad1 Kf8 24. Ra4 a5 25. Rh4 Kg7 26. Rg4+ Kf8 27. Rh4 Kg7
28. Rg4+ Kf8 29. Rh4 Kg7 30. Rg4+ 1/2-1/2

[Event "Chigorin Memorial"]
[Site "St Petersburg RUS"]
[Date "2012.10.28"]
[Round "2.10"]
[White "Dzhangobegov, Vladimir"]
[Black "Khismatullin, Denis"]
[Result "0-1"]
[WhiteTitle "FM"]
[BlackTitle "GM"]
[WhiteElo "2395"]
[BlackElo "2638"]
[WhiteFideId "4180984"]
[BlackFideId "4142578"]
[EventDate "2012.10.27"]

1. e4 c5 2. Nf3 d6 3. d4 cxd4 4. Nxd4 Nf6 5. Nc3 a6 6. Bg5 Nbd7 7. f4 Qc7 8. Qe2
b5 9. Bxf6 Nxf6 10. e5 b4 11. Ncb5 axb5 12. exf6 gxf6 13. Qe4 Ra5 14. Bxb5+ Bd7
15. Bxd7+ Kxd7 16. Nb3 Rb5 17. a4 Rb8 18. O-O-O e6 19. Rhe1 Bh6 20. Kb1 f5 21.
Qd4 Ke7 22. g4 fxg4 23. f5 e5 24. f6+ Kxf6 25. Qxg4 Rhg8 26. Rf1+ Bf4 27. Qh4+
Kg7 28. Rg1+ Kf8 29. Qxh7 Rxg1 30. Rxg1 Ke7 31. Rg7 Rf8 32. Nd4 Qc4 33. Nf5+ Ke6
34. Qh3 Kf6 35. Nxd6 Qd5 36. Qh4+ Ke6 37. Nb5 Qd1+ 38. Ka2 Qxc2 39. Nd4+ exd4
40. Qxf4 Qxa4+ 41. Kb1 Qd1+ 42. Qc1 Qd3+ 43. Qc2 Qf1+ 44. Qc1 Qxc1+ 45. Kxc1 Rh8
46. Rg2 f5 47. Rg6+ Kd5 48. Rb6 f4 49. Rxb4 f3 50. Kd2 Ke4 51. Rb7 Rxh2+ 52. Ke1
Re2+ 53. Kf1 d3 54. Re7+ Kf5 55. Rf7+ Kg4 56. Rg7+ Kh5 57. Rh7+ Kg6 58. Ra7 d2
59. Ra1 Kf5 60. b4 Kf4 61. b5 Kg3 62. b6 Rh2 63. Kg1 f2+ 0-1

[Event "Chigorin Memorial"]
[Site "St Petersburg RUS"]
[Date "2012.10.28"]
[Round "2.12"]
[White "Bartel, Mateusz"]
[Black "Ponfilenok, Vladimir"]
[Result "1/2-1/2"]
[WhiteTitle "GM"]
[WhiteElo "2635"]
[BlackElo "2392"]
[WhiteFideId "1112635"]
[BlackFideId "24113522"]
[EventDate "2012.10.27"]

1. Nf3 e6 2. c4 f5 3. g3 Nf6 4. Bg2 d5 5. O-O Be7 6. d3 O-O 7. cxd5 exd5 8. Nc3
c6 9. Qc2 Nbd7 10. Rb1 Bd6 11. b4 a6 12. Na4 Qe7 13. Nd4 Ng4 14. e4 fxe4 15.
dxe4 dxe4 16. Bxe4 Ndf6 17. Bg2 Nd5 18. Bb2 Ngf6 19. a3 Bd7 20. Rbe1 Qf7 21. Nc5
Bxc5 22. bxc5 Rae8 23. Nf3 Qh5 24. Rxe8 Rxe8 25. Bxf6 Nxf6 26. h4 Bf5 27. Qc4+
Be6 28. Qc3 Bd5 29. Rb1 Re7 30. Qd3 h6 31. Rc1 Be4 32. Qc4+ Bd5 33. Qd3 Be4 34.
Qc4+ Bd5 35. Qd3 1/2-1/2

[Event "Chigorin Memorial"]
[Site "St Petersburg RUS"]
[Date "2012.10.28"]
[Round "2.13"]
[White "Mishuchkov, Nikolai M."]
[Black "Timofeev, Artyom"]
[Result "1/2-1/2"]
[WhiteTitle "IM"]
[BlackTitle "GM"]
[WhiteElo "2393"]
[BlackElo "2631"]
[WhiteFideId "4102401"]
[BlackFideId "4140419"]
[EventDate "2012.10.27"]

1. d4 Nf6 2. Nf3 g6 3. g3 Bg7 4. Bg2 O-O 5. O-O d5 6. Bf4 c5 7. c3 Qb6 8. Qb3
Qa6 9. Re1 Bf5 10. Qa3 Rc8 11. Qxa6 Nxa6 12. Be5 Nb8 13. Nbd2 Nbd7 14. e3 Nxe5
15. Nxe5 cxd4 16. exd4 Rab8 17. Nf1 Bh6 18. Ne3 Bxe3 19. Rxe3 Rc7 20. Bf3 h5 21.
h4 b5 22. a3 a5 23. Bd1 Ne8 24. Bb3 e6 25. f3 Nd6 26. g4 hxg4 27. fxg4 Be4 28.
Rf1 Kg7 29. Rf2 Rh8 30. Rh2 f6 31. Nd3 Bxd3 32. Rxd3 f5 33. Bd1 b4 34. axb4 axb4
35. gxf5 gxf5 36. Rg2+ Kf6 37. h5 Ne4 38. cxb4 Rb7 39. Rg6+ Kf7 40. Ra3 Rhb8 41.
Rg2 Rxb4 42. Ra7+ R4b7 43. Rxb7+ Rxb7 44. Bf3 Kf6 45. Rg6+ Kf7 46. Rg2 Kf6 47.
Rg6+ 1/2-1/2